<?xml version="1.0" encoding="UTF-8"?>
<record
    xmlns:xsi="http://www.w3.org/2001/XMLSchema-instance"
    xsi:schemaLocation="http://www.loc.gov/MARC21/slim http://www.loc.gov/standards/marcxml/schema/MARC21slim.xsd"
    xmlns="http://www.loc.gov/MARC21/slim">

  <leader>03564nam a2200577Ia 4500</leader>
  <controlfield tag="001">4143</controlfield>
  <controlfield tag="008">241029s9999    xx            000 0 und d</controlfield>
  <datafield tag="010" ind1=" " ind2=" ">
    <subfield code="a">3893</subfield>
  </datafield>
  <datafield tag="041" ind1=" " ind2=" ">
    <subfield code="a">Espa&#xF1;ol</subfield>
  </datafield>
  <datafield tag="082" ind1=" " ind2=" ">
    <subfield code="a">NO APLICA</subfield>
  </datafield>
  <datafield tag="245" ind1=" " ind2="0">
    <subfield code="a">Incidencia que ejerce el director en los resultados de los procesos pedag&#xF3;gicos en dos Centros Educativos del Nivel B&#xE1;sico del Distrito 08-05. A&#xF1;o Escolar 2011-2012 y 2012-2013</subfield>
  </datafield>
  <datafield tag="260" ind1=" " ind2=" ">
    <subfield code="a">Santiago</subfield>
  </datafield>
  <datafield tag="300" ind1=" " ind2=" ">
    <subfield code="a">112</subfield>
  </datafield>
  <datafield tag="520" ind1=" " ind2=" ">
    <subfield code="a">5</subfield>
  </datafield>
  <datafield tag="630" ind1=" " ind2=" ">
    <subfield code="a">Acompa&#xF1;amiento Pedag&#xF3;gico</subfield>
  </datafield>
  <datafield tag="630" ind1=" " ind2=" ">
    <subfield code="a">Actores Educativos</subfield>
  </datafield>
  <datafield tag="630" ind1=" " ind2=" ">
    <subfield code="a">Aptitudes</subfield>
  </datafield>
  <datafield tag="630" ind1=" " ind2=" ">
    <subfield code="a">Calidad Educativa</subfield>
  </datafield>
  <datafield tag="630" ind1=" " ind2=" ">
    <subfield code="a">Competencias</subfield>
  </datafield>
  <datafield tag="650" ind1=" " ind2=" ">
    <subfield code="a">Liderazgo</subfield>
  </datafield>
  <datafield tag="690" ind1=" " ind2=" ">
    <subfield code="a">Sintetizado</subfield>
  </datafield>
  <datafield tag="700" ind1=" " ind2=" ">
    <subfield code="e">asesor</subfield>
    <subfield code="a">Paulino, Laura</subfield>
  </datafield>
  <datafield tag="700" ind1=" " ind2=" ">
    <subfield code="e">autor</subfield>
    <subfield code="a">Almonte Casilla, Confesora</subfield>
  </datafield>
  <datafield tag="700" ind1=" " ind2=" ">
    <subfield code="e">autor</subfield>
    <subfield code="a"> Rosario Jim&#xE9;nez, Ysabel Antonia</subfield>
  </datafield>
  <datafield tag="901" ind1=" " ind2=" ">
    <subfield code="a">{"1":"Almonte Casilla","2":" Rosario Jim&#xE9;nez"}</subfield>
    <subfield code="b">{"1":"Confesora","2":"Ysabel Antonia"}</subfield>
  </datafield>
  <datafield tag="902" ind1=" " ind2=" ">
    <subfield code="a">1</subfield>
  </datafield>
  <datafield tag="903" ind1=" " ind2=" ">
    <subfield code="a">{"1":"Paulino"}</subfield>
    <subfield code="b">{"1":"Laura"}</subfield>
  </datafield>
  <datafield tag="904" ind1=" " ind2=" ">
    <subfield code="a">Mag&#xED;ster en</subfield>
  </datafield>
  <datafield tag="905" ind1=" " ind2=" ">
    <subfield code="a">Gesti&#xF3;n de Centros Educativos</subfield>
  </datafield>
  <datafield tag="906" ind1=" " ind2=" ">
    <subfield code="a">2</subfield>
  </datafield>
  <datafield tag="907" ind1=" " ind2=" ">
    <subfield code="a">NO APLICA</subfield>
  </datafield>
  <datafield tag="908" ind1=" " ind2=" ">
    <subfield code="a">NO APLICA</subfield>
  </datafield>
  <datafield tag="909" ind1=" " ind2=" ">
    <subfield code="a">ISFODOSU, Recinto Emilio Prud'Homme</subfield>
  </datafield>
  <datafield tag="910" ind1=" " ind2=" ">
    <subfield code="a">NULL</subfield>
    <subfield code="b">NULL</subfield>
  </datafield>
  <datafield tag="911" ind1=" " ind2=" ">
    <subfield code="a">["1"]</subfield>
  </datafield>
  <datafield tag="912" ind1=" " ind2=" ">
    <subfield code="a">NO APLICA</subfield>
  </datafield>
  <datafield tag="913" ind1=" " ind2=" ">
    <subfield code="a">NULL</subfield>
  </datafield>
  <datafield tag="914" ind1=" " ind2=" ">
    <subfield code="a">15 de Enero de 2015</subfield>
  </datafield>
  <datafield tag="915" ind1=" " ind2=" ">
    <subfield code="a">20/07/15 03:07</subfield>
  </datafield>
  <datafield tag="916" ind1=" " ind2=" ">
    <subfield code="a">NULL</subfield>
  </datafield>
  <datafield tag="917" ind1=" " ind2=" ">
    <subfield code="a">NULL</subfield>
  </datafield>
  <datafield tag="918" ind1=" " ind2=" ">
    <subfield code="a">NO APLICA</subfield>
  </datafield>
  <datafield tag="919" ind1=" " ind2=" ">
    <subfield code="a">["2","7","22","29","40"]</subfield>
  </datafield>
  <datafield tag="520" ind1=" " ind2=" ">
    <subfield code="a">La presente investigaci&#xF3;n tuvo como prop&#xF3;sito general &#xA0;analizar la incidencia que ejerce el Director en los resultados de los procesos &#xA0;pedag&#xF3;gicos en dos Centros Educativos del Nivel B&#xE1;sico del Distrito 08-05 de Santiago de los Caballeros.En el estudio se emple&#xF3;&#xA0;un dise&#xF1;o metodol&#xF3;gico de tipo exploratorio- descriptivo - comparativo, con un enfoque cuantitativo; utilizando m&#xE9;todos y t&#xE9;cnicas acordes con el dise&#xF1;o de la investigaci&#xF3;n. La poblaci&#xF3;n objeto de estudio fueron 2 directores y 2 coordinadores, 32 docentes y 1736 estudiantes de tercero a octavo grados de ambos ciclos del Nivel B&#xE1;sico.Los principales hallazgos reflejan diferentes estilos de gesti&#xF3;n. En uno de los centros se pudo evidenciar un desempe&#xF1;o mas significativo del director y en el otro un desempe&#xF1;o m&#xE1;s efectivo en cuanto a la organizaci&#xF3;n y estructuraci&#xF3;n de la gesti&#xF3;n institucional.&#xA0;Es importante destacar que el Centro Educativo San Mart&#xED;n de Porres, present&#xF3;&#xA0;los periodos escolares que fueron objetos de an&#xE1;lisis en un nivel de promoci&#xF3;n m&#xE1;s elevado, que el centro educativo Jos&#xE9; Armando Berm&#xFA;dez, ya que &#xA0;el a&#xF1;o escolar 2011-2012, en los grados de tercero a octavo de las secciones A Y B fueron promovidos el 96% de los estudiantes mientras que el centro educativo Jos&#xE9; Armando Berm&#xFA;dez promovi&#xF3; el 76%. Hay que resaltar que tiene un 20% por encima. Se pudo constatar que el nivel de incidencia de la gesti&#xF3;n de la directora del centro educativo San Mart&#xED;n de Porres, refleja en los resultados de los indicadores internos de eficiencia en cuanto a la tasa de promoci&#xF3;n y baja tasa de repitencia o abandono &#xA0;en diferentes grados del nivel, contrario a los que revelan los resultados en el centro educativo Jos&#xE9; Armando Berm&#xFA;dez. Estos indicadores de eficiencia no fueron satisfactorio en ninguno de los grados del nivel. El estudio enfatiz&#xF3;&#xA0;&#xA0; en una serie de recomendaciones pertinente a los resultados obtenidos en la investigaci&#xF3;n.&#xA0;</subfield>
  </datafield>
  <datafield tag="921" ind1=" " ind2=" ">
    <subfield code="a">11</subfield>
  </datafield>
  <datafield tag="922" ind1=" " ind2=" ">
    <subfield code="a">11</subfield>
  </datafield>
  <datafield tag="923" ind1=" " ind2=" ">
    <subfield code="a">0</subfield>
  </datafield>
  <datafield tag="924" ind1=" " ind2=" ">
    <subfield code="a">NO APLICA</subfield>
  </datafield>
  <datafield tag="942" ind1=" " ind2=" ">
    <subfield code="c">Tesis</subfield>
  </datafield>
  <datafield tag="999" ind1=" " ind2=" ">
    <subfield code="c">3893</subfield>
    <subfield code="d">3893</subfield>
  </datafield>
</record>
